00000000nam 2200000zi 4500
0019.947444
003CaOODSP
00520250128131655
006m     o  d f      
007cr |n ||||||||
008250128t20082008onc     o    f000 0|fre d
020 |z9780660634111
040 |aCaOODSP|bfre|erda|cCaOODSP
041 |afre|aeng
043 |an-cn-nf|an-cnm--|aIn-----
0861 |aFs73-2008/1-PDF|zFs 73-2008/1
24500|aCanadian tide and current tables 2008. |nVolume 1, |pAtlantic Coast and Bay of Fundy = Tables des marées et courants du Canada 2008. Volume 1, Côte de l'Atlantique et baie de Fundy.
24611|aTables des marées et courants du Canada 2008. |nVolume 1, |pCôte de l'Atlantique et baie de Fundy
264 1|aOttawa : |bPêches et océans Canada = Fisheries and Oceans Canada, |c2008.
264 4|c©2008
300 |a1 ressource en ligne (93 pages)
336 |atexte|btxt|2rdacontent/fre
337 |ainformatique|bc|2rdamedia/fre
338 |aressource en ligne|bcr|2rdacarrier/fre
500 |aÉdition numérisée de l'imprimé [par Direction des publications du gouvernement du Canada].
500 |a«Publiées avec l'autorisation du Service hydrographique du Canada, Péches et Océans Canada.»
546 |aTexte en français et en anglais.
650 6|aMarées|zAtlantique, Côte de l' (Canada)|vTables.
650 6|aMarées|zFundy, Baie de|vTables.
650 6|aCourant|zAtlantique, Côte de l' (Canada)
650 6|aCourant|zFundy, Baie de.
7102 |aService hydrographique du Canada, |eorganisme de publication.
7760#|tCôte de l'Atlantique et baie de Fundy |w(CaOODSP)9.544735
788 |tCanadian tide and current tables 2008. |eeng|w(CaOODSP)9.947441
85640|qPDF|s9973 Ko|uhttps://publications.gc.ca/collections/collection_2025/mpo-dfo/Fs73-2008-1.pdf